000 00861nam a2200265 a 4500
001 4036
005 20240603090634.0
020 _a0723205922
040 _aDLC
_cDLC
_dDLC
_beng
050 0 0 _aPZ7.P85
_b1987
082 0 0 _a823.912
100 1 _aPotter, Beatrix
_d1866-1943
245 1 4 _aThe tale of Peter Rabbit /
_cby Beatrix Potter
250 _aThe original and Authorized Edition
260 _aHarmondsworth, Middlesex, England ;
_aNew York : U.S.A. :
_bF. Warne,
_c1987
300 _a58 pages :
_bcolor illustrations ;
_c15 cm.
490 _a Peter Rabbit
505 _aO
520 _aPeter disobeys his mother by going into Mr. McGregor's garden and almost gets caught.
521 _a610
_bLexile
521 _aO
_bRaz-Plus
650 1 _aRabbits
_xFiction
906 _a7
_bcbc
_corignew
_d3
_encip
_f19
_gy-gencatlg
942 _2ddc
_cBK
_n0
999 _c4036
_d4036